| 000 | 00793nam a22002057a 4500 | ||
|---|---|---|---|
| 999 |
_c18352 _d18352 |
||
| 003 | AR-CdUCM | ||
| 008 | 190513b ||||| |||| 00| 0 spa d | ||
| 040 |
_aMUNICIPALIDAD PROVINCIAL DEL CUSCO _cBIBLIOTECA MUNICIPAL DEL CUSCO |
||
| 082 |
_a947 / _bAS838 |
||
| 110 |
_aINSTITUTO DE ESTUDIOS SOBRE LA UNION SOVIETICA _938875 |
||
| 245 | _aAspectos políticos económicos y sociales de la URSS / | ||
| 260 |
_aBuenos Aires : _bIndice, _c1964. |
||
| 300 |
_a190 páginas ; _c20 cm. |
||
| 505 | _aContenido: La estructura estatal de la URSS y sus particularidades -- La organización política de la URSS y sus particularidades -- La sociedad soviética... | ||
| 650 |
_aURSS _92690 |
||
| 650 |
_aSocialismo _91037 |
||
| 650 |
_aRusia _9499 |
||
| 942 |
_2ddc _cLIBROS |
||
| 945 |
_adavv _d2019-05-13 |
||